{"text_format":"3","workbook":"xlsx","n_sheets":2,"sheets":["Заказы","Товары"],"read":"whole","date_system":"1900"}

{"sheet":"Заказы","index":0,"n_rows":51,"n_cols":11,"rows_kept":51}
["номер","название","закон","статус","нмц","регион","опубликован","приём_до","условия_поставки","ссылка","позиций"]
["10724640","Услуги по уборке внутренних помещений в здании ФГБНУ РЦНН\n","коммерческая","Прием предложений",550000,"г. Москва","2026-10-01T18:26:02","2026-10-01T20:25:00","Максимальный срок поставки товара(выполнения работ, оказания услуг): 15.10.2026","https://market.rts-tender.ru/search/sell/10724640/request",1]
["10724604","Поставка дизельного топлива","коммерческая","Прием предложений",145485,"г. Москва","2026-10-01T16:08:14","2026-10-02T10:04:00","Планируемая дата исполнения договора:01.10.2026","https://market.rts-tender.ru/search/sell/10724604/request",1]
["10724597","Поставка бензина АИ-95","коммерческая","Прием предложений",197980,"г. Москва","2026-10-01T15:50:16","2026-10-02T09:49:00","Планируемая дата исполнения договора:01.10.2026","https://market.rts-tender.ru/search/sell/10724597/request",1]
["10724587","Поставка грунтовок","коммерческая","Прием предложений",8390.01,"г. Москва","2026-10-01T15:20:03","2026-10-02T15:19:00","Максимальный срок поставки товара(выполнения работ, оказания услуг): 10 рабочих дней","https://market.rts-tender.ru/search/sell/10724587/request",2]
["10724553","услуги по СОУТ","коммерческая","Прием предложений",32690,"г. Москва","2026-10-01T14:52:02","2026-10-02T14:51:00","Максимальный срок поставки товара(выполнения работ, оказания услуг): 05.10.2026","https://market.rts-tender.ru/search/sell/10724553/request",1]
["10724552","Сейф мебельный","коммерческая","Прием предложений",70115,"г. Москва","2026-10-01T14:50:21","2026-10-02T14:49:00","Планируемая дата исполнения договора:01.10.2026","https://market.rts-tender.ru/search/sell/10724552/request",1]
["10724522","Об оказании платных образовательных услуг в сфере дополнительного профессионального образования (юридическому лицу)","коммерческая","Прием предложений",19600,"г. Москва","2026-10-01T14:27:02","2026-10-02T14:26:00","Максимальный срок поставки товара(выполнения работ, оказания услуг): 12.10.2026","https://market.rts-tender.ru/search/sell/10724522/request",1]
["10724513","Поставка стирального порошка для дошкольных отделений МОУ \"Дедовская СОШ №1\"","коммерческая","Прием предложений",27030,"г. Москва","2026-10-01T14:22:26","2026-10-02T14:22:00","Планируемая дата исполнения договора:01.10.2026","https://market.rts-tender.ru/search/sell/10724513/request",1]
["10724512","Оказание услуг по санитарной профилактической обработке кулеров","коммерческая","Прием предложений",11860.74,"г. Москва","2026-10-01T14:22:26","2026-10-02T14:22:00","Планируемая дата исполнения договора:01.10.2026","https://market.rts-tender.ru/search/sell/10724512/request",1]
["10724505","Выполнение работ по установке подъемника","коммерческая","Прием предложений",332000,"г. Москва","2026-10-01T14:22:21","2026-10-02T14:20:00","Планируемая дата исполнения договора:01.10.2026","https://market.rts-tender.ru/search/sell/10724505/request",1]
["10724504","Оказание услуг по гарантийному техническому облуживанию автотранспорта","коммерческая","Прием предложений",25900,"г. Москва","2026-10-01T14:22:21","2026-10-02T14:20:00","Планируемая дата исполнения договора:01.10.2026","https://market.rts-tender.ru/search/sell/10724504/request",1]
["10724502","Поставка лопат, скреперов","коммерческая","Прием предложений",46200,"г. Москва","2026-10-01T14:22:19","2026-10-02T14:19:00","Планируемая дата исполнения договора:01.10.2026","https://market.rts-tender.ru/search/sell/10724502/request",2]
["10724483","Выполнение работ по изготовлению, доставке, разгрузке и установке дверей из ПВХ-профилей для нужд ГБУЗ МО «МОНИИАГ»","коммерческая","Прием предложений",85562,"г. Москва","2026-10-01T14:08:17","2026-10-02T14:04:00","Планируемая дата исполнения договора:01.10.2026","https://market.rts-tender.ru/search/sell/10724483/request",1]
["10724459","Поставка медицинского кислорода","коммерческая","Прием предложений",506000,"г. Москва","2026-10-01T13:57:14","2026-10-02T13:51:00","Планируемая дата исполнения договора:01.10.2026","https://market.rts-tender.ru/search/sell/10724459/request",1]
["10724458","Поставка бензина АИ-95","коммерческая","Прием предложений",98990,"г. Москва","2026-10-01T13:57:14","2026-10-02T13:50:00","Планируемая дата исполнения договора:01.10.2026","https://market.rts-tender.ru/search/sell/10724458/request",1]
["10724440","Работы по кронированию в виде омолаживающей обрезки (глубокой обрезки старых ветвей и крон для стимуляции роста новых побегов) 5 (пяти) деревьев (тополей) и вывозу порубочных остатков","коммерческая","Прием предложений",470000,"г. Москва","2026-10-01T13:51:12","2026-10-02T13:50:00","Максимальный срок поставки товара(выполнения работ, оказания услуг): 10 календарных дней","https://market.rts-tender.ru/search/sell/10724440/request",1]
["10724436","Поставка косилки навесной","коммерческая","Прием предложений",249800,"г. Москва","2026-10-01T13:50:23","2026-10-02T13:49:00","Планируемая дата исполнения договора:01.10.2026","https://market.rts-tender.ru/search/sell/10724436/request",1]
["10724434","Поставка товаров для ГПД (ID  112271)","коммерческая","Прием предложений",26328,"г. Москва","2026-10-01T13:50:22","2026-10-02T13:49:00","Планируемая дата исполнения договора:01.10.2026","https://market.rts-tender.ru/search/sell/10724434/request",6]
["10724412","Поставка расходных материалов для нужд ФКУ СИЗО-1 ГУФСИН России по г. Москве","коммерческая","Прием предложений",49848.7,"г. Москва","2026-10-01T13:44:13","2026-10-02T13:43:00","Максимальный срок поставки товара(выполнения работ, оказания услуг): 15.10.2026","https://market.rts-tender.ru/search/sell/10724412/request",3]
["10724385","Поставка канцелярских товаров","коммерческая","Прием предложений",113188.99,"г. Москва","2026-10-01T13:36:22","2026-10-02T13:34:00","Планируемая дата исполнения договора:01.10.2026","https://market.rts-tender.ru/search/sell/10724385/request",51]
["10724361","Поставка комплектов входных дверей","коммерческая","Прием предложений",103380,"г. Москва","2026-10-01T13:31:13","2026-10-02T13:30:00","Максимальный срок поставки товара(выполнения работ, оказания услуг): 10 календарных дней","https://market.rts-tender.ru/search/sell/10724361/request",2]
["10724359","Поставка комплектов межкомнатных дверей","коммерческая","Прием предложений",41619,"г. Москва","2026-10-01T13:30:12","2026-10-02T13:29:00","Максимальный срок поставки товара(выполнения работ, оказания услуг): 15 календарных дней","https://market.rts-tender.ru/search/sell/10724359/request",2]
["10724343","Абонентское обслуживание в области экологического законодательства","коммерческая","Прием предложений",105000,"г. Москва","2026-10-01T13:27:13","2026-10-02T13:26:00","Максимальный срок поставки товара(выполнения работ, оказания услуг): 365 календарных дней","https://market.rts-tender.ru/search/sell/10724343/request",1]
["10724326","Оказание услуг по установке видеорегистратора","коммерческая","Прием предложений",98688.8,"г. Москва","2026-10-01T13:22:23","2026-10-02T13:20:00","Планируемая дата исполнения договора:01.10.2026","https://market.rts-tender.ru/search/sell/10724326/request",1]
["10724325","Закупка услуг по вывозу отходов и ликвидации несанкционированных свалок для нужд МКУ «ГХ Рублево-Успенское» в 4 квартале 2026 года","коммерческая","Прием предложений",598427.66,"г. Москва","2026-10-01T13:22:23","2026-10-02T13:20:00","Планируемая дата исполнения договора:01.10.2026","https://market.rts-tender.ru/search/sell/10724325/request",1]
["10724305","Повышение квалификации и профессиональная переподготовка в области охраны труда и пожарной безопасности.","коммерческая","Прием предложений",266000,"г. Москва","2026-10-01T13:18:02","2026-10-02T13:17:00","Максимальный срок поставки товара(выполнения работ, оказания услуг): 45 рабочих дней","https://market.rts-tender.ru/search/sell/10724305/request",5]
["10724293","Поставка учебников по обществознанию","коммерческая","Прием предложений",10949.4,"г. Москва","2026-10-01T13:16:02","2026-10-02T13:15:00","Максимальный срок поставки товара(выполнения работ, оказания услуг): 90 рабочих дней","https://market.rts-tender.ru/search/sell/10724293/request",1]
["10724285","Поставка кресел офисных","коммерческая","Прием предложений",88000,"г. Москва","2026-10-01T13:14:03","2026-10-02T13:13:00","Максимальный срок поставки товара(выполнения работ, оказания услуг): 20 рабочих дней","https://market.rts-tender.ru/search/sell/10724285/request",1]
["10724269","Приобретение игр, игрушек","коммерческая","Прием предложений",56022,"г. Москва","2026-10-01T13:08:33","2026-10-02T13:05:00","Планируемая дата исполнения договора:01.10.2026","https://market.rts-tender.ru/search/sell/10724269/request",2]
["10724268","Поставка канцелярских товаров и офисных принадлежностей","коммерческая","Прием предложений",82765.92,"г. Москва","2026-10-01T13:08:33","2026-10-02T13:05:00","Планируемая дата исполнения договора:01.10.2026","https://market.rts-tender.ru/search/sell/10724268/request",25]
["10724183","Поставка обуви для бокса (боксерки)","коммерческая","Прием предложений",76442,"г. Москва","2026-10-01T12:50:29","2026-10-02T12:50:00","Планируемая дата исполнения договора:01.10.2026","https://market.rts-tender.ru/search/sell/10724183/request",1]
["10724165","Закупка лекарственных препаратов (Кислорода)","коммерческая","Прием предложений",28010.4,"г. Москва","2026-10-01T12:48:02","2026-10-02T12:47:00","Максимальный срок поставки товара(выполнения работ, оказания услуг): 10 рабочих дней","https://market.rts-tender.ru/search/sell/10724165/request",2]
["10724146","Поставка портативного измерителя мощности лазерного излучения","коммерческая","Прием предложений",147346,"г. Москва","2026-10-01T12:44:12","2026-10-02T12:43:00","Максимальный срок поставки товара(выполнения работ, оказания услуг): 15.12.2026","https://market.rts-tender.ru/search/sell/10724146/request",1]
["10724110","Поставка электротехнических товаров в 2026 году (лот 1: ЭМ)","коммерческая","Прием предложений",2745,"г. Москва","2026-10-01T12:36:26","2026-10-02T12:34:00","Планируемая дата исполнения договора:01.10.2026","https://market.rts-tender.ru/search/sell/10724110/request",1]
["10724101","Закупка лекарственных препаратов (ДИНИТРОГЕНА ОКСИД)","коммерческая","Прием предложений",117310.8,"г. Москва","2026-10-01T12:34:02","2026-10-02T12:33:00","Максимальный срок поставки товара(выполнения работ, оказания услуг): 10 рабочих дней","https://market.rts-tender.ru/search/sell/10724101/request",2]
["10724091","Поставка офисной бумаги для нужд АО «53 ЦПИ» г. Москва","223-ФЗ (Положение о закупке)","Прием предложений",400000,"г. Москва","2026-10-01T12:32:28","2026-10-07T06:00:00","до 31.12.2027 г.","https://market.rts-tender.ru/search/sell/10724091/request",6]
["10724058","Предоставление 2 (двух) архивных документов  из фондов ИРЛИ РАН во временное пользование для экспонирования на выставке под рабочим названием: «Александр Витберг. Архитектор. Художник. Масон»","коммерческая","Прием предложений",30000,"г. Москва","2026-10-01T12:24:13","2026-10-02T12:23:00","Максимальный срок поставки товара(выполнения работ, оказания услуг): 5 календарных дней","https://market.rts-tender.ru/search/sell/10724058/request",1]
["10724051","Закупка и поставка расходных материалов для проведения учебной практики по специальности 23.02.07 «Техническое обслуживание и ремонт автотранспортных средств» и специальности 23.02.04 \"Техническая эксплуатация подъемно-транспортных, строительных, дорожных машин и оборудования\"","коммерческая","Прием предложений",472805,"г. Москва","2026-10-01T12:22:33","2026-10-02T12:22:00","Планируемая дата исполнения договора:01.10.2026","https://market.rts-tender.ru/search/sell/10724051/request",25]
["10724047","Оказание услуг по строительному контролю за выполнением работ по текущему ремонту кровли в МБОУ СШ № 10 им. С. Н. Воронина в 2026 году по адресу: 142370, Московская область, м. о. Чехов, с. Троицкое, д.50","коммерческая","Прием предложений",34463.38,"г. Москва","2026-10-01T12:22:31","2026-10-02T12:21:00","Планируемая дата исполнения договора:01.10.2026","https://market.rts-tender.ru/search/sell/10724047/request",1]
["10724044","Оказание услуг по техническому обслуживанию комплексов технических средств охраны на объектах и технологическому обеспечению работоспособности оконечных устройств систем передачи извещений в 2027 году для нужд ГБУЗ Московской области ЦПБ СПИД","коммерческая","Прием предложений",15600,"г. Москва","2026-10-01T12:22:30","2026-10-02T12:20:00","Планируемая дата исполнения договора:01.10.2026","https://market.rts-tender.ru/search/sell/10724044/request",1]
["10724010","Поставка офисных столов.","коммерческая","Прием предложений",150249.99,"г. Москва","2026-10-01T12:16:04","2026-10-02T12:15:00","Максимальный срок поставки товара(выполнения работ, оказания услуг): 7 календарных дней","https://market.rts-tender.ru/search/sell/10724010/request",2]
["10723972","Поставка расходных медицинских материалов для отделения ССХ в 2026 году (раствор для консервации гомографтов)","коммерческая","Прием предложений",13073.4,"г. Москва","2026-10-01T12:08:20","2026-10-05T06:30:00","Планируемая дата исполнения договора:01.10.2026","https://market.rts-tender.ru/search/sell/10723972/request",1]
["10723884","Выполнение работ по текущему ремонту входных групп, козырька входной группы в МБОУ СШ №10 по адресу: 1423070, Московская область, м. о. Чехов, п. Талалихино, д.5","коммерческая","Прием предложений",329854.1,"г. Москва","2026-10-01T11:50:32","2026-10-05T11:49:00","Планируемая дата исполнения договора:01.10.2026","https://market.rts-tender.ru/search/sell/10723884/request",1]
["10723833","Вода питьевая Святой источник негазированная 0.5 л","коммерческая","Прием предложений",16133.6,"г. Москва","2026-10-01T11:39:02","2026-10-02T11:38:00","Максимальный срок поставки товара(выполнения работ, оказания услуг): 4 рабочих дня","https://market.rts-tender.ru/search/sell/10723833/request",1]
["10723807","Поставка стульев офисных","коммерческая","Прием предложений",13768,"г. Москва","2026-10-01T11:33:02","2026-10-02T11:32:00","Максимальный срок поставки товара(выполнения работ, оказания услуг): 15 календарных дней","https://market.rts-tender.ru/search/sell/10723807/request",1]
["10723755","Поставка расходных материалов для оргтехники","коммерческая","Прием предложений",579440,"г. Москва","2026-10-01T11:22:24","2026-10-02T06:19:00","Планируемая дата исполнения договора:01.10.2026","https://market.rts-tender.ru/search/sell/10723755/request",10]
["10723692","Закупка и поставка водонагревателя","коммерческая","Прием предложений",26490,"г. Москва","2026-10-01T11:08:22","2026-10-02T11:05:00","Планируемая дата исполнения договора:01.10.2026","https://market.rts-tender.ru/search/sell/10723692/request",1]
["10723691","Оказание  услуг по поставке хореографического покрытия.","коммерческая","Прием предложений",426150,"г. Москва","2026-10-01T11:08:21","2026-10-02T11:05:00","Планируемая дата исполнения договора:01.10.2026","https://market.rts-tender.ru/search/sell/10723691/request",1]
["10723690","Поставка напольной тумбы под МФУ","коммерческая","Прием предложений",35890,"г. Москва","2026-10-01T11:08:20","2026-10-05T11:05:00","Планируемая дата исполнения договора:01.10.2026","https://market.rts-tender.ru/search/sell/10723690/request",1]
["10723663","Поставка печатей для нужд ФКУ «ГБ МСЭ по Московской области» Минтруда России","коммерческая","Прием предложений",43280,"г. Москва","2026-10-01T11:03:25","2026-10-02T11:02:00","Максимальный срок поставки товара(выполнения работ, оказания услуг): 1 рабочий день","https://market.rts-tender.ru/search/sell/10723663/request",2]

{"sheet":"Товары","index":1,"n_rows":183,"n_cols":10,"rows_kept":183}
["номер","название заказа","наименование","окпд2","окпд2_название","ктру","количество","ед_изм","цена_за_ед","сумма"]
["10724640","Услуги по уборке внутренних помещений в здании ФГБНУ РЦНН\n","КЛИНИНГОВЫЕ УСЛУГИ.Услуги по комплексной уборке помещений Федерального государственного бюджетного научного учреждения «Российский центр неврологии и нейронаук».\nуслуги по уборке оказываются персоналом Исполнителя с использованием расходных материалов, моющих средств, инвентаря, специализированной техники для уборки, предоставляемых Исполнителем своими силами и за свой счет.","81.21.10.000","Услуги по общей уборке зданий",null,1,"УСЛ ЕД",550000,550000]
["10724604","Поставка дизельного топлива","Топливо дизельное (розничная реализация)","19.20.21.345","Топливо дизельное межсезонное экологического класса К5",null,1500,"л; дм[3*]",96.99,145485]
["10724597","Поставка бензина АИ-95","Бензин автомобильный (розничная реализация)","19.20.21.135","Бензин автомобильный с октановым числом более 95, но не более 98 по исследовательскому методу экологического класса К5",null,2000,"л; дм[3*]",98.99,197980]
["10724587","Поставка грунтовок","ГРУНТОВКИ.Универсальный антисептик Dali 5 л 1 17634","20.30.11.130","Грунтовки на основе акриловых или виниловых полимеров в водной среде",null,2,"шт",1524,3048]
["10724587","Поставка грунтовок","ГРУНТОВКИ.Грунтовка глубокого проникновения Церезит CT17","20.30.11.130","Грунтовки на основе акриловых или виниловых полимеров в водной среде",null,3,"шт",1780.67,5342.01]
["10724553","услуги по СОУТ","ОЦЕНКА УСЛОВИЙ ТРУДА.Услуга по оценке условий труда","71.20.19.130","Услуги по оценке условий труда",null,1,"шт",32690,32690]
["10724552","Сейф мебельный","Сейф мебельный","25.99.21.119","Сейфы и шкафы прочие",null,5,"шт",14023,70115]
["10724522","Об оказании платных образовательных услуг в сфере дополнительного профессионального образования (юридическому лицу)","УСЛУГИ.Оказание платных образовательных услуг в сфере дополнительного профессионального образования (юридическому лицу)","85.42.19","Услуги по дополнительному профессиональному образованию прочие",null,2,"УСЛ ЕД",9800,19600]
["10724513","Поставка стирального порошка для дошкольных отделений МОУ \"Дедовская СОШ №1\"","Порошок стиральный","20.41.32.121","Порошки стиральные",null,76.50071,"кг",353.33,27030]
["10724512","Оказание услуг по санитарной профилактической обработке кулеров","Услуги по ремонту бытовых приборов, домашнего и садового инвентаря","95.22.10.259","Услуги по ремонту прочих бытовых приборов",null,6,"шт",1976.79,11860.74]
["10724505","Выполнение работ по установке подъемника","Работы строительно-монтажные прочие","43.29.19.110","Работы по монтажу лифтов, эскалаторов и движущихся тротуаров, требующие специальной квалификации, включая ремонт и техническое обслуживание",null,1,"УСЛ ЕД",332000,332000]
["10724504","Оказание услуг по гарантийному техническому облуживанию автотранспорта","Услуги по техническому обслуживанию и ремонту легковых автомобилей и легких грузовых автотранспортных средств","45.20.11.111","Услуги по регламентным работам (по видам технического обслуживания)",null,1,"УСЛ ЕД",25900,25900]
["10724502","Поставка лопат, скреперов","Лопата","25.99.29.129","Лопаты прочие",null,10,"шт",2340,23400]
["10724502","Поставка лопат, скреперов","Скрепер для уборки снега","25.99.29.129","Лопаты прочие",null,6,"шт",3800,22800]
["10724483","Выполнение работ по изготовлению, доставке, разгрузке и установке дверей из ПВХ-профилей для нужд ГБУЗ МО «МОНИИАГ»","Работы столярные и плотничные","43.32.10.110","Работы по установке дверных и оконных блоков и коробок, навеске дверных полотен (кроме дверей автоматического действия и вращающихся дверей), окон, оконных створок, планчатых створок, дверей гаражного типа и т.п. из любых материалов",null,1,"УСЛ ЕД",85562,85562]
["10724459","Поставка медицинского кислорода","Кислород газообразный медицинский 2 л баллон","20.11.11.150","Кислород",null,230,"шт",2200,506000]
["10724458","Поставка бензина АИ-95","Бензин автомобильный (розничная реализация)","19.20.21.135","Бензин автомобильный с октановым числом более 95, но не более 98 по исследовательскому методу экологического класса К5",null,1000,"л; дм[3*]",98.99,98990]
["10724440","Работы по кронированию в виде омолаживающей обрезки (глубокой обрезки старых ветвей и крон для стимуляции роста новых побегов) 5 (пяти) деревьев (тополей) и вывозу порубочных остатков","РАБОТЫ.Работы по кронированию в виде омолаживающей обрезки (глубокой обрезки старых ветвей и крон для стимуляции роста новых побегов) 5 (пяти) деревьев (тополей) и вывозу порубочных остатков","43.12.11.140","Работы по расчистке территории, удалению растительности",null,1,"УСЛ ЕД",470000,470000]
["10724436","Поставка косилки навесной","Машины для уборки урожая","28.30.51.000","Косилки (включая устройства режущие для установки на тракторе), не включенные в другие группировки",null,1,"шт",249800,249800]
["10724434","Поставка товаров для ГПД (ID  112271)","Мяч футбольный","32.30.15.231","Мячи спортивные",null,2,"шт",1554,3108]
["10724434","Поставка товаров для ГПД (ID  112271)","Мяч волейбольный","32.30.15.231","Мячи спортивные",null,2,"шт",1734,3468]
["10724434","Поставка товаров для ГПД (ID  112271)","Скакалка","32.30.14.112","Инвентарь и оборудование для спортивной и художественной гимнастики",null,15,"шт",192,2880]
["10724434","Поставка товаров для ГПД (ID  112271)","Мяч для настольного тенниса","32.30.15.231","Мячи спортивные",null,2,"УПАК",1783,3566]
["10724434","Поставка товаров для ГПД (ID  112271)","Бумага писчая","17.12.14.121","Бумага писчая и тетрадная",null,30,"ПАЧ",365,10950]
["10724434","Поставка товаров для ГПД (ID  112271)","Бумага цветная для творчества","17.23.13.192","Альбомы и папки с бумагой (включая блоки)",null,4,"НАБОР",589,2356]
["10724412","Поставка расходных материалов для нужд ФКУ СИЗО-1 ГУФСИН России по г. Москве","ТРУБЫ ПОЛИМЕРНЫЕ ЖЕСТКИЕ ПРОЧИЕ.Труба полипропиленовая 20х2000 мм PN20","22.21.29.140","Трубы из реактопластов, армированных волокном",null,55,"шт",208.91,11490.05]
["10724412","Поставка расходных материалов для нужд ФКУ СИЗО-1 ГУФСИН России по г. Москве","ТРУБЫ ПОЛИМЕРНЫЕ ЖЕСТКИЕ ПРОЧИЕ.Труба полипропиленовая 25х2000 мм PN20","22.21.29.140","Трубы из реактопластов, армированных волокном",null,55,"шт",343.99,18919.45]
["10724412","Поставка расходных материалов для нужд ФКУ СИЗО-1 ГУФСИН России по г. Москве","ЭЛЕКТРОДЫ.Сварочные электроды d3 мм, 4 кг","25.93.15.120","Электроды с покрытием",null,10,"УПАК",1943.92,19439.2]
["10724385","Поставка канцелярских товаров","Календарь печатный","58.19.13.120","Календари печатные",null,1,"шт",343,343]
["10724385","Поставка канцелярских товаров","Ручка канцелярская","32.99.12.110","Ручки шариковые",null,96,"шт",85.3,8188.8]
["10724385","Поставка канцелярских товаров","Календарь печатный","58.19.13.120","Календари печатные",null,6,"шт",318,1908]
["10724385","Поставка канцелярских товаров","Календарь печатный","58.19.13.120","Календари печатные",null,7,"шт",312,2184]
["10724385","Поставка канцелярских товаров","Календарь печатный","58.19.13.120","Календари печатные",null,1,"шт",401,401]
["10724385","Поставка канцелярских товаров","Календарь печатный","58.19.13.120","Календари печатные",null,2,"шт",343,686]
["10724385","Поставка канцелярских товаров","Календарь печатный","58.19.13.120","Календари печатные",null,5,"шт",318,1590]
["10724385","Поставка канцелярских товаров","Кнопка канцелярская","25.93.14.130","Кнопки чертежные",null,1,"УПАК",229,229]
["10724385","Поставка канцелярских товаров","Скобы для степлера","25.99.23.000","Детали для скоросшивателей или папок, канцелярские зажимы и аналогичные канцелярские изделия и скобы в виде полос из недрагоценных металлов",null,100,"УПАК",104,10400]
["10724385","Поставка канцелярских товаров","Линейка","26.51.33.141","Линейки",null,20,"шт",51.5,1030]
["10724385","Поставка канцелярских товаров","Карандаш чернографитный","32.99.15.110","Карандаши простые и цветные с грифелями в твердой оболочке",null,48,"шт",22.4,1075.2]
["10724385","Поставка канцелярских товаров","Клей канцелярский","20.52.10.190","Клеи прочие",null,24,"шт",63.6,1526.4]
["10724385","Поставка канцелярских товаров","Стирательная резинка","22.19.73.120","Изделия культурно-бытового назначения и хозяйственного обихода резиновые формовые (включая спортивные изделия из резины)",null,15,"шт",26.7,400.5]
["10724385","Поставка канцелярских товаров","Ежедневник","17.23.13.191","Блокноты, записные книжки и книги для записей",null,4,"шт",246,984]
["10724385","Поставка канцелярских товаров","Скобы для степлера","25.99.23.000","Детали для скоросшивателей или папок, канцелярские зажимы и аналогичные канцелярские изделия и скобы в виде полос из недрагоценных металлов",null,100,"УПАК",61.9,6190]
["10724385","Поставка канцелярских товаров","Папка пластиковая","22.29.25.000","Принадлежности канцелярские или школьные пластмассовые",null,13,"шт",339.33,4411.29]
["10724385","Поставка канцелярских товаров","Блокнот","17.23.13.191","Блокноты, записные книжки и книги для записей",null,21,"шт",84,1764]
["10724385","Поставка канцелярских товаров","Планинг","17.23.13.191","Блокноты, записные книжки и книги для записей",null,1,"шт",750,750]
["10724385","Поставка канцелярских товаров","Блоки для записей","17.23.13.199","Принадлежности канцелярские прочие из бумаги или картона, не включенные в другие группировки",null,36,"шт",156,5616]
["10724385","Поставка канцелярских товаров","Папка пластиковая","22.29.25.000","Принадлежности канцелярские или школьные пластмассовые",null,10,"шт",310.8,3108]
["10724385","Поставка канцелярских товаров","Дырокол","25.99.22.130","Подставки для печатей и аналогичное офисное и канцелярское оборудование металлическое, кроме офисной мебели",null,1,"шт",360,360]
["10724385","Поставка канцелярских товаров","Лоток для бумаги пластиковый","22.29.25.000","Принадлежности канцелярские или школьные пластмассовые",null,2,"шт",880,1760]
["10724385","Поставка канцелярских товаров","Папка пластиковая","22.29.25.000","Принадлежности канцелярские или школьные пластмассовые",null,10,"шт",563,5630]
["10724385","Поставка канцелярских товаров","Папка пластиковая","22.29.25.000","Принадлежности канцелярские или школьные пластмассовые",null,10,"шт",488,4880]
["10724385","Поставка канцелярских товаров","Карандаш механический","32.99.12.130","Карандаши механические",null,4,"шт",167,668]
["10724385","Поставка канцелярских товаров","Календарь печатный","58.19.13.120","Календари печатные",null,2,"шт",317,634]
["10724385","Поставка канцелярских товаров","Подушка для смачивания пальцев","22.29.25.000","Принадлежности канцелярские или школьные пластмассовые",null,2,"шт",129,258]
["10724385","Поставка канцелярских товаров","Календарь печатный","58.19.13.120","Календари печатные",null,3,"шт",359,1077]
["10724385","Поставка канцелярских товаров","Нож канцелярский","25.71.13.110","Изделия ножевые прочие",null,1,"шт",210,210]
["10724385","Поставка канцелярских товаров","Книга учета универсальная","17.23.13.120","Книги бухгалтерские из бумаги или картона",null,3,"шт",583,1749]
["10724385","Поставка канцелярских товаров","Файл-вкладыш","22.29.25.000","Принадлежности канцелярские или школьные пластмассовые",null,20,"УПАК",320,6400]
["10724385","Поставка канцелярских товаров","Папка пластиковая","22.29.25.000","Принадлежности канцелярские или школьные пластмассовые",null,2,"шт",409,818]
["10724385","Поставка канцелярских товаров","Папка картонная","17.23.13.130","Скоросшиватели (папки) из бумаги или картона",null,50,"шт",36.3,1815]
["10724385","Поставка канцелярских товаров","Папка пластиковая","22.29.25.000","Принадлежности канцелярские или школьные пластмассовые",null,1,"шт",400,400]
["10724385","Поставка канцелярских товаров","Папка пластиковая","22.29.25.000","Принадлежности канцелярские или школьные пластмассовые",null,2,"шт",400,800]
["10724385","Поставка канцелярских товаров","Средство корректирующее канцелярское","20.59.59.900","Продукты разные химические прочие, не включенные в другие группировки",null,12,"шт",86.4,1036.8]
["10724385","Поставка канцелярских товаров","Папка пластиковая","22.29.25.000","Принадлежности канцелярские или школьные пластмассовые",null,2,"шт",673,1346]
["10724385","Поставка канцелярских товаров","Скрепки металлические","25.99.23.000","Детали для скоросшивателей или папок, канцелярские зажимы и аналогичные канцелярские изделия и скобы в виде полос из недрагоценных металлов",null,10,"УПАК",54.6,546]
["10724385","Поставка канцелярских товаров","Фломастер","32.99.13.123","Фломастеры",null,12,"НАБОР",217,2604]
["10724385","Поставка канцелярских товаров","Файл-вкладыш","22.29.25.000","Принадлежности канцелярские или школьные пластмассовые",null,2,"УПАК",205,410]
["10724385","Поставка канцелярских товаров","Файл-вкладыш","22.29.25.000","Принадлежности канцелярские или школьные пластмассовые",null,2,"УПАК",121,242]
["10724385","Поставка канцелярских товаров","Блоки для записей","17.23.13.199","Принадлежности канцелярские прочие из бумаги или картона, не включенные в другие группировки",null,3,"шт",416,1248]
["10724385","Поставка канцелярских товаров","Календарь печатный","58.19.13.120","Календари печатные",null,2,"шт",163,326]
["10724385","Поставка канцелярских товаров","Папка пластиковая","22.29.25.000","Принадлежности канцелярские или школьные пластмассовые",null,10,"шт",563,5630]
["10724385","Поставка канцелярских товаров","Папка пластиковая","22.29.25.000","Принадлежности канцелярские или школьные пластмассовые",null,25,"шт",34.8,870]
["10724385","Поставка канцелярских товаров","Клейкая лента","22.29.21.000","Плиты, листы, пленка, лента и прочие плоские полимерные самоклеящиеся формы, в рулонах шириной не более 20 см",null,10,"шт",98,980]
["10724385","Поставка канцелярских товаров","Папка пластиковая","22.29.25.000","Принадлежности канцелярские или школьные пластмассовые",null,10,"шт",563,5630]
["10724385","Поставка канцелярских товаров","Лоток для бумаги пластиковый","22.29.25.000","Принадлежности канцелярские или школьные пластмассовые",null,2,"шт",1438,2876]
["10724385","Поставка канцелярских товаров","Папка пластиковая","22.29.25.000","Принадлежности канцелярские или школьные пластмассовые",null,10,"шт",455,4550]
["10724385","Поставка канцелярских товаров","Папка пластиковая","22.29.25.000","Принадлежности канцелярские или школьные пластмассовые",null,10,"шт",345,3450]
["10724385","Поставка канцелярских товаров","Папка картонная","17.23.13.193","Папки и обложки из бумаги или картона",null,5,"шт",240,1200]
["10724361","Поставка комплектов входных дверей","ДВЕРИ МЕТАЛЛИЧЕСКИЕ.Двери, окна и их рамы и пороги для дверей из металлов","25.12.1","Двери, окна и их рамы и пороги для дверей из металлов",null,1,"КОМПЛ",51690,51690]
["10724361","Поставка комплектов входных дверей","ДВЕРИ МЕТАЛЛИЧЕСКИЕ.Двери, окна и их рамы и пороги для дверей из металлов","25.12.1","Двери, окна и их рамы и пороги для дверей из металлов",null,1,"КОМПЛ",51690,51690]
["10724359","Поставка комплектов межкомнатных дверей","ДВЕРИ.Блок дверной","16.23.11.130","Двери, их коробки и пороги деревянные",null,1,"шт",22888,22888]
["10724359","Поставка комплектов межкомнатных дверей","ДВЕРИ.Блок дверной","16.23.11.130","Двери, их коробки и пороги деревянные",null,1,"шт",18731,18731]
["10724343","Абонентское обслуживание в области экологического законодательства","УСЛУГИ КОНСУЛЬТАЦИОННЫЕ В ОБЛАСТИ ОКРУЖАЮЩЕЙ СРЕДЫ.Абонентское обслуживание в области экологического законодательства","74.90.13.000","Услуги консультативные в области окружающей среды",null,12,"мес",8750,105000]
["10724326","Оказание услуг по установке видеорегистратора","Услуги систем обеспечения безопасности","80.20.10.000","Услуги систем обеспечения безопасности",null,1,"шт",98688.8,98688.8]
["10724325","Закупка услуг по вывозу отходов и ликвидации несанкционированных свалок для нужд МКУ «ГХ Рублево-Успенское» в 4 квартале 2026 года","Закупка услуг по вывозу отходов и ликвидации несанкционированных свалок для нужд МКУ «ГХ Рублево-Успенское» в 4 квартале 2026 года","38.11.29.000","Услуги по сбору прочих неопасных отходов, непригодных для повторного использования",null,226,"м[3*]",2647.91,598427.66]
["10724305","Повышение квалификации и профессиональная переподготовка в области охраны труда и пожарной безопасности.","ПОВЫШЕНИЕ ПРОФЕССИОНАЛЬНОЙ КВАЛИФИКАЦИИ.Обучение по общим вопросам охраны труда и функционированию системы управления охраной труда","85.42.19.900","Услуги по профессиональному обучению прочие",null,35,"ЧЕЛ",900,31500]
["10724305","Повышение квалификации и профессиональная переподготовка в области охраны труда и пожарной безопасности.","ПОВЫШЕНИЕ ПРОФЕССИОНАЛЬНОЙ КВАЛИФИКАЦИИ.Обучение безопасным методом и приемам выполнения работ при взаимодействии вредных и (или ) опасных производственных факторов, источников опасности, идентифицированных в рамках специальной оценки условия труда и оценки профессиональных рисков","85.42.19.900","Услуги по профессиональному обучению прочие",null,35,"ЧЕЛ",900,31500]
["10724305","Повышение квалификации и профессиональная переподготовка в области охраны труда и пожарной безопасности.","ПОВЫШЕНИЕ ПРОФЕССИОНАЛЬНОЙ КВАЛИФИКАЦИИ.Безопасные методы и приемы выполнения работ в электроустановках","85.42.19.900","Услуги по профессиональному обучению прочие",null,35,"ЧЕЛ",900,31500]
["10724305","Повышение квалификации и профессиональная переподготовка в области охраны труда и пожарной безопасности.","ПОВЫШЕНИЕ ПРОФЕССИОНАЛЬНОЙ КВАЛИФИКАЦИИ.Оказание первой помощи пострадавшим","85.42.19.900","Услуги по профессиональному обучению прочие",null,35,"ЧЕЛ",900,31500]
["10724305","Повышение квалификации и профессиональная переподготовка в области охраны труда и пожарной безопасности.","ПОВЫШЕНИЕ ПРОФЕССИОНАЛЬНОЙ КВАЛИФИКАЦИИ.Профессиональная переподготовка для получения квалификации \"Специалист по пожарной безопасности\"","85.42.19.900","Услуги по профессиональному обучению прочие",null,35,"ЧЕЛ",4000,140000]
["10724293","Поставка учебников по обществознанию","УЧЕБНАЯ.Учебник","58.11.11.000","Учебники печатные общеобразовательного назначения",null,45,"шт",243.32,10949.4]
["10724285","Поставка кресел офисных","ОФИСНЫЕ КРЕСЛА.Офисное кресло, Черное кресло-каталка","31.01.11.150","Мебель для сидения, преимущественно с металлическим каркасом",null,4,"шт",22000,88000]
["10724269","Приобретение игр, игрушек","Комплект игр для развития моторики и сенсорики","32.40.39.129","Игрушки в наборах или комплектах прочие, не включенные в другие группировки",null,1,"шт",40990,40990]
["10724269","Приобретение игр, игрушек","Стенд информационный","32.99.53.199","Модели, макеты и аналогичные изделия учебные прочие, не включенные в другие группировки",null,1,"шт",15032,15032]
["10724268","Поставка канцелярских товаров и офисных принадлежностей","Файл-вкладыш","22.29.25.000","Принадлежности канцелярские или школьные пластмассовые",null,15,"УПАК",291,4365]
["10724268","Поставка канцелярских товаров и офисных принадлежностей","Ручка канцелярская","32.99.12.110","Ручки шариковые",null,50,"шт",60.8,3040]
["10724268","Поставка канцелярских товаров и офисных принадлежностей","Блоки для записей","17.23.13.199","Принадлежности канцелярские прочие из бумаги или картона, не включенные в другие группировки",null,20,"шт",164,3280]
["10724268","Поставка канцелярских товаров и офисных принадлежностей","Файл-вкладыш","22.29.25.000","Принадлежности канцелярские или школьные пластмассовые",null,5,"УПАК",474,2370]
["10724268","Поставка канцелярских товаров и офисных принадлежностей","Папка пластиковая","22.29.25.000","Принадлежности канцелярские или школьные пластмассовые",null,50,"шт",39.1,1955]
["10724268","Поставка канцелярских товаров и офисных принадлежностей","Зажим для бумаг","25.99.23.000","Детали для скоросшивателей или папок, канцелярские зажимы и аналогичные канцелярские изделия и скобы в виде полос из недрагоценных металлов",null,5,"УПАК",497,2485]
["10724268","Поставка канцелярских товаров и офисных принадлежностей","Календарь печатный","58.19.13.120","Календари печатные",null,15,"шт",333,4995]
["10724268","Поставка канцелярских товаров и офисных принадлежностей","Тетрадь различного назначения","17.23.13.196","Тетради различного назначения",null,5,"шт",177,885]
["10724268","Поставка канцелярских товаров и офисных принадлежностей","Папка картонная","17.23.13.193","Папки и обложки из бумаги или картона",null,60,"шт",130,7800]
["10724268","Поставка канцелярских товаров и офисных принадлежностей","Зажим для бумаг","25.99.23.000","Детали для скоросшивателей или папок, канцелярские зажимы и аналогичные канцелярские изделия и скобы в виде полос из недрагоценных металлов",null,5,"УПАК",565,2825]
["10724268","Поставка канцелярских товаров и офисных принадлежностей","Ручка канцелярская","32.99.12.110","Ручки шариковые",null,100,"шт",60.3,6030]
["10724268","Поставка канцелярских товаров и офисных принадлежностей","Книга учета универсальная","17.23.13.120","Книги бухгалтерские из бумаги или картона",null,5,"шт",262,1310]
["10724268","Поставка канцелярских товаров и офисных принадлежностей","Скобы для степлера","25.99.23.000","Детали для скоросшивателей или папок, канцелярские зажимы и аналогичные канцелярские изделия и скобы в виде полос из недрагоценных металлов",null,30,"УПАК",42.2,1266]
["10724268","Поставка канцелярских товаров и офисных принадлежностей","Маркер","32.99.12.120","Ручки и маркеры с наконечником из фетра и прочих пористых материалов",null,5,"шт",75.4,377]
["10724268","Поставка канцелярских товаров и офисных принадлежностей","Папка картонная","17.23.13.193","Папки и обложки из бумаги или картона",null,40,"шт",199,7960]
["10724268","Поставка канцелярских товаров и офисных принадлежностей","Календарь печатный","58.19.13.120","Календари печатные",null,15,"шт",318,4770]
["10724268","Поставка канцелярских товаров и офисных принадлежностей","Ежедневник","17.23.13.191","Блокноты, записные книжки и книги для записей",null,3,"шт",747,2241]
["10724268","Поставка канцелярских товаров и офисных принадлежностей","Календарь печатный","58.19.13.120","Календари печатные",null,10,"шт",269,2690]
["10724268","Поставка канцелярских товаров и офисных принадлежностей","Папка пластиковая","22.29.25.000","Принадлежности канцелярские или школьные пластмассовые",null,2,"шт",284,568]
["10724268","Поставка канцелярских товаров и офисных принадлежностей","Ежедневник","17.23.13.191","Блокноты, записные книжки и книги для записей",null,7,"шт",349,2443]
["10724268","Поставка канцелярских товаров и офисных принадлежностей","Папка картонная","17.23.13.193","Папки и обложки из бумаги или картона",null,5,"шт",364,1820]
["10724268","Поставка канцелярских товаров и офисных принадлежностей","Папка картонная","17.23.13.130","Скоросшиватели (папки) из бумаги или картона",null,400,"шт",28.5,11400]
["10724268","Поставка канцелярских товаров и офисных принадлежностей","Папка картонная","17.23.13.193","Папки и обложки из бумаги или картона",null,10,"шт",374,3740]
["10724268","Поставка канцелярских товаров и офисных принадлежностей","Ручка канцелярская","32.99.12.110","Ручки шариковые",null,10,"шт",190,1900]
["10724268","Поставка канцелярских товаров и офисных принадлежностей","Волокна синтетические","20.60.12.120","Нити полиэфирные высокопрочные",null,2,"БОБ",125.46,250.92]
["10724183","Поставка обуви для бокса (боксерки)","Обувь спортивная","15.20.29.140","Обувь для боксеров, борцов и тяжелоатлетов",null,5,"пар",15288.4,76442]
["10724165","Закупка лекарственных препаратов (Кислорода)","АЛЛЕРГЕНЫ.Кислород (10 л)","21.20.23.190","Препараты фармацевтические прочие",null,4,"шт",2492.6,9970.4]
["10724165","Закупка лекарственных препаратов (Кислорода)","АЛЛЕРГЕНЫ.Кислород (2 л)","21.20.23.190","Препараты фармацевтические прочие",null,8,"шт",2255,18040]
["10724146","Поставка портативного измерителя мощности лазерного излучения","ИЗМЕРИТЕЛЬНОЕ ОБОРУДОВАНИЕ.Портативный измеритель мощности лазерного излучения","26.51.53.160","Экспонометры и прочие приборы для измерения или контроля количества тепла, звука или света",null,1,"шт",147346,147346]
["10724110","Поставка электротехнических товаров в 2026 году (лот 1: ЭМ)","Изделия электроустановочные","27.33.13.190","Устройства коммутационные и/или предохранительные для электрических цепей прочие, не включенные в другие группировки",null,50,"шт",54.9,2745]
["10724101","Закупка лекарственных препаратов (ДИНИТРОГЕНА ОКСИД)","АНЕСТЕТИКИ.Закись азота медицинская (Динитрогена оксид)","21.20.10.231","Анестетики",null,24,"шт",983.95,23614.8]
["10724101","Закупка лекарственных препаратов (ДИНИТРОГЕНА ОКСИД)","УСЛУГИ.Доставка баллонов \t\nзакиси азота медицинской (Динитрогена оксида)","49.41.13.000","Услуги по перевозке автомобильным транспортом прочих жидкостей или газов в автоцистернах или полуприцепах-цистернах",null,24,"шт",3904,93696]
["10724091","Поставка офисной бумаги для нужд АО «53 ЦПИ» г. Москва","Бумага офисная Комус Документ Standard+ А4 80 г/кв.м марка С 146 CIE (500 листов)","17.12.14.110","Бумага для печати",null,1,"шт",329.5,0]
["10724091","Поставка офисной бумаги для нужд АО «53 ЦПИ» г. Москва","Бумага офисная Комус Документ Standard А3 80 г/кв.м марка С 146 CIE (500 листов)","17.12.14.110","Бумага для печати",null,1,"шт",771.99,0]
["10724091","Поставка офисной бумаги для нужд АО «53 ЦПИ» г. Москва","Фотобумага для цветной струйной печати ProMega jet односторонняя (матовая, А4, 200 г/кв.м, 50 листов)","17.12.14.110","Бумага для печати",null,1,"шт",419.14,0]
["10724091","Поставка офисной бумаги для нужд АО «53 ЦПИ» г. Москва","Фотобумага для цветной струйной печати Lomond односторонняя (глянцевая, А4, 200 г/кв.м, 50 листов)","17.12.14.110","Бумага для печати",null,1,"шт",779.1,0]
["10724091","Поставка офисной бумаги для нужд АО «53 ЦПИ» г. Москва","Фотобумага для цв.струй.печ.\nProMEGA jet (А3, 200г, матовая, 50 листов)","17.12.14.110","Бумага для печати",null,1,"шт",1341.53,0]
["10724091","Поставка офисной бумаги для нужд АО «53 ЦПИ» г. Москва","Фотобумага LOMOND односторонняя (глянцевая, 200г, A4, 50 листов)","17.12.14.110","Бумага для печати",null,1,"шт",823.28,0]
["10724058","Предоставление 2 (двух) архивных документов  из фондов ИРЛИ РАН во временное пользование для экспонирования на выставке под рабочим названием: «Александр Витберг. Архитектор. Художник. Масон»","УСЛУГИ АРХИВОВ.Услуги по предоставлению 2 (двух) архивных документов (Приложение 1) из фондов Исполнителя во временное пользование для экспонирования на выставке под рабочим названием: «Александр Витберг. Архитектор. Художник. Масон».","91.01.12.000","Услуги архивов",null,2,"УСЛ ЕД",15000,30000]
["10724051","Закупка и поставка расходных материалов для проведения учебной практики по специальности 23.02.07 «Техническое обслуживание и ремонт автотранспортных средств» и специальности 23.02.04 \"Техническая эксплуатация подъемно-транспортных, строительных, дорожных машин и оборудования\"","Паста для очистки рук","20.41.44.110","Пасты чистящие",null,5,"шт",2639,13195]
["10724051","Закупка и поставка расходных материалов для проведения учебной практики по специальности 23.02.07 «Техническое обслуживание и ремонт автотранспортных средств» и специальности 23.02.04 \"Техническая эксплуатация подъемно-транспортных, строительных, дорожных машин и оборудования\"","Перчатки трикотажные для защиты от внешних воздействий","14.12.30.150","Рукавицы, перчатки производственные и профессиональные",null,500,"пар",36,18000]
["10724051","Закупка и поставка расходных материалов для проведения учебной практики по специальности 23.02.07 «Техническое обслуживание и ремонт автотранспортных средств» и специальности 23.02.04 \"Техническая эксплуатация подъемно-транспортных, строительных, дорожных машин и оборудования\"","Комплектующие и принадлежности для автотранспортных средств, не включенные в другие группировки","29.32.30.390","Части и принадлежности для автотранспортных средств прочие, не включенные в другие группировки",null,10,"шт",1091,10910]
["10724051","Закупка и поставка расходных материалов для проведения учебной практики по специальности 23.02.07 «Техническое обслуживание и ремонт автотранспортных средств» и специальности 23.02.04 \"Техническая эксплуатация подъемно-транспортных, строительных, дорожных машин и оборудования\"","Смазка графитная","20.59.41.000","Материалы смазочные",null,10,"шт",251,2510]
["10724051","Закупка и поставка расходных материалов для проведения учебной практики по специальности 23.02.07 «Техническое обслуживание и ремонт автотранспортных средств» и специальности 23.02.04 \"Техническая эксплуатация подъемно-транспортных, строительных, дорожных машин и оборудования\"","Смазка медная","20.59.41.000","Материалы смазочные",null,20,"шт",542,10840]
["10724051","Закупка и поставка расходных материалов для проведения учебной практики по специальности 23.02.07 «Техническое обслуживание и ремонт автотранспортных средств» и специальности 23.02.04 \"Техническая эксплуатация подъемно-транспортных, строительных, дорожных машин и оборудования\"","Смазка проникающая","20.59.41.000","Материалы смазочные",null,20,"шт",755,15100]
["10724051","Закупка и поставка расходных материалов для проведения учебной практики по специальности 23.02.07 «Техническое обслуживание и ремонт автотранспортных средств» и специальности 23.02.04 \"Техническая эксплуатация подъемно-транспортных, строительных, дорожных машин и оборудования\"","Провода и кабели электронные и электрические прочие","27.32.13.131","Провода силовые для электрических установок",null,50,"пог. м",18,900]
["10724051","Закупка и поставка расходных материалов для проведения учебной практики по специальности 23.02.07 «Техническое обслуживание и ремонт автотранспортных средств» и специальности 23.02.04 \"Техническая эксплуатация подъемно-транспортных, строительных, дорожных машин и оборудования\"","Провода и кабели электронные и электрические прочие","27.32.13.131","Провода силовые для электрических установок",null,50,"пог. м",37,1850]
["10724051","Закупка и поставка расходных материалов для проведения учебной практики по специальности 23.02.07 «Техническое обслуживание и ремонт автотранспортных средств» и специальности 23.02.04 \"Техническая эксплуатация подъемно-транспортных, строительных, дорожных машин и оборудования\"","Комплектующие и принадлежности для автотранспортных средств, не включенные в другие группировки","29.32.30.132","Колодки с накладками в сборе для дисковых и барабанных тормозов, фрикционные накладки для барабанных и дисковых тормозов",null,25,"шт",174,4350]
["10724051","Закупка и поставка расходных материалов для проведения учебной практики по специальности 23.02.07 «Техническое обслуживание и ремонт автотранспортных средств» и специальности 23.02.04 \"Техническая эксплуатация подъемно-транспортных, строительных, дорожных машин и оборудования\"","Части прочего электрического оборудования для автотранспортных средств и мотоциклов","29.31.30.000","Части прочего электрического оборудования для автотранспортных средств и мотоциклов",null,50,"шт",511,25550]
["10724051","Закупка и поставка расходных материалов для проведения учебной практики по специальности 23.02.07 «Техническое обслуживание и ремонт автотранспортных средств» и специальности 23.02.04 \"Техническая эксплуатация подъемно-транспортных, строительных, дорожных машин и оборудования\"","Перчатки трикотажные для защиты от внешних воздействий","14.12.30.150","Рукавицы, перчатки производственные и профессиональные",null,100,"пар",280,28000]
["10724051","Закупка и поставка расходных материалов для проведения учебной практики по специальности 23.02.07 «Техническое обслуживание и ремонт автотранспортных средств» и специальности 23.02.04 \"Техническая эксплуатация подъемно-транспортных, строительных, дорожных машин и оборудования\"","Арматура крепежная металлическая для автотранспортных средств","25.72.14.110","Петли, арматура крепежная, фурнитура и аналогичные изделия для автотранспортных средств из недрагоценных металлов",null,10,"шт",700,7000]
["10724051","Закупка и поставка расходных материалов для проведения учебной практики по специальности 23.02.07 «Техническое обслуживание и ремонт автотранспортных средств» и специальности 23.02.04 \"Техническая эксплуатация подъемно-транспортных, строительных, дорожных машин и оборудования\"","Оборудование электрическое прочее для автотранспортных средств и его части","29.31.22.120","Генераторы для транспортных средств прочие",null,2,"шт",19600,39200]
["10724051","Закупка и поставка расходных материалов для проведения учебной практики по специальности 23.02.07 «Техническое обслуживание и ремонт автотранспортных средств» и специальности 23.02.04 \"Техническая эксплуатация подъемно-транспортных, строительных, дорожных машин и оборудования\"","Салфетка нетканая (упаковка)","21.20.23.199","Средства нелечебные прочие",null,6,"шт",7700,46200]
["10724051","Закупка и поставка расходных материалов для проведения учебной практики по специальности 23.02.07 «Техническое обслуживание и ремонт автотранспортных средств» и специальности 23.02.04 \"Техническая эксплуатация подъемно-транспортных, строительных, дорожных машин и оборудования\"","Стартер-генератор","29.31.22.110","Стартеры и стартер-генераторы для транспортных средств",null,2,"шт",49000,98000]
["10724051","Закупка и поставка расходных материалов для проведения учебной практики по специальности 23.02.07 «Техническое обслуживание и ремонт автотранспортных средств» и специальности 23.02.04 \"Техническая эксплуатация подъемно-транспортных, строительных, дорожных машин и оборудования\"","Стартер-генератор","29.31.22.110","Стартеры и стартер-генераторы для транспортных средств",null,4,"шт",2800,11200]
["10724051","Закупка и поставка расходных материалов для проведения учебной практики по специальности 23.02.07 «Техническое обслуживание и ремонт автотранспортных средств» и специальности 23.02.04 \"Техническая эксплуатация подъемно-транспортных, строительных, дорожных машин и оборудования\"","Очиститель тормозов Wurth 20Л","20.59.59.900","Продукты разные химические прочие, не включенные в другие группировки",null,5,"шт",9800,49000]
["10724051","Закупка и поставка расходных материалов для проведения учебной практики по специальности 23.02.07 «Техническое обслуживание и ремонт автотранспортных средств» и специальности 23.02.04 \"Техническая эксплуатация подъемно-транспортных, строительных, дорожных машин и оборудования\"","Перчатки трикотажные для защиты от внешних воздействий","14.12.30.150","Рукавицы, перчатки производственные и профессиональные",null,10,"пар",1400,14000]
["10724051","Закупка и поставка расходных материалов для проведения учебной практики по специальности 23.02.07 «Техническое обслуживание и ремонт автотранспортных средств» и специальности 23.02.04 \"Техническая эксплуатация подъемно-транспортных, строительных, дорожных машин и оборудования\"","Паста для очистки рук","20.41.44.110","Пасты чистящие",null,2,"шт",4200,8400]
["10724051","Закупка и поставка расходных материалов для проведения учебной практики по специальности 23.02.07 «Техническое обслуживание и ремонт автотранспортных средств» и специальности 23.02.04 \"Техническая эксплуатация подъемно-транспортных, строительных, дорожных машин и оборудования\"","Комплектующие и принадлежности для автотранспортных средств, не включенные в другие группировки","29.32.30.159","Управление рулевое, его узлы и детали прочие",null,1,"шт",21000,21000]
["10724051","Закупка и поставка расходных материалов для проведения учебной практики по специальности 23.02.07 «Техническое обслуживание и ремонт автотранспортных средств» и специальности 23.02.04 \"Техническая эксплуатация подъемно-транспортных, строительных, дорожных машин и оборудования\"","Тарелка магнитная для крепежа 350 х 150 мм, Сервис Ключ","20.41.44.110","Пасты чистящие",null,4,"шт",2100,8400]
["10724051","Закупка и поставка расходных материалов для проведения учебной практики по специальности 23.02.07 «Техническое обслуживание и ремонт автотранспортных средств» и специальности 23.02.04 \"Техническая эксплуатация подъемно-транспортных, строительных, дорожных машин и оборудования\"","Комплектующие и принадлежности для автотранспортных средств, не включенные в другие группировки","29.32.30.159","Управление рулевое, его узлы и детали прочие",null,1,"шт",7000,7000]
["10724051","Закупка и поставка расходных материалов для проведения учебной практики по специальности 23.02.07 «Техническое обслуживание и ремонт автотранспортных средств» и специальности 23.02.04 \"Техническая эксплуатация подъемно-транспортных, строительных, дорожных машин и оборудования\"","Фильтр очистки масла для двигателей внутреннего сгорания","28.29.13.110","Фильтры очистки масла для двигателей внутреннего сгорания",null,5,"шт",2800,14000]
["10724051","Закупка и поставка расходных материалов для проведения учебной практики по специальности 23.02.07 «Техническое обслуживание и ремонт автотранспортных средств» и специальности 23.02.04 \"Техническая эксплуатация подъемно-транспортных, строительных, дорожных машин и оборудования\"","Герметик прокладка","20.30.22.170","Герметики",null,5,"шт",1400,7000]
["10724051","Закупка и поставка расходных материалов для проведения учебной практики по специальности 23.02.07 «Техническое обслуживание и ремонт автотранспортных средств» и специальности 23.02.04 \"Техническая эксплуатация подъемно-транспортных, строительных, дорожных машин и оборудования\"","Керамическая смазка спрей","20.59.41.000","Материалы смазочные",null,10,"шт",1120,11200]
["10724047","Оказание услуг по строительному контролю за выполнением работ по текущему ремонту кровли в МБОУ СШ № 10 им. С. Н. Воронина в 2026 году по адресу: 142370, Московская область, м. о. Чехов, с. Троицкое, д.50","Услуги по руководству строительными проектами","71.12.20.190","Услуги по руководству строительными проектами прочие",null,1,"УСЛ ЕД",34463.38,34463.38]
["10724044","Оказание услуг по техническому обслуживанию комплексов технических средств охраны на объектах и технологическому обеспечению работоспособности оконечных устройств систем передачи извещений в 2027 году для нужд ГБУЗ Московской области ЦПБ СПИД","Услуги систем обеспечения безопасности","80.20.10.000","Услуги систем обеспечения безопасности",null,12,"мес",1300,15600]
["10724010","Поставка офисных столов.","ОФИСНЫЕ СТОЛЫ.СТОЛ ПРЯМОЙ ЗЕТА PRO С ЭКРАНОМ ЛДСП.","31.01.12.110","Столы письменные деревянные для офисов, административных помещений",null,4,"шт",23700,94800]
["10724010","Поставка офисных столов.","ОФИСНЫЕ СТОЛЫ.СТОЛ ПРЯМОЙ ЗЕТА ТР.","31.01.12.110","Столы письменные деревянные для офисов, административных помещений",null,3,"шт",18483.33,55449.99]
["10723972","Поставка расходных медицинских материалов для отделения ССХ в 2026 году (раствор для консервации гомографтов)","Питательная среда для клеточной культуры ИВД","20.59.52.140","Среды готовые питательные для выращивания микроорганизмов",null,10,"УПАК",1307.34,13073.4]
["10723884","Выполнение работ по текущему ремонту входных групп, козырька входной группы в МБОУ СШ №10 по адресу: 1423070, Московская область, м. о. Чехов, п. Талалихино, д.5","Работы строительные по возведению нежилых зданий и сооружений (работы по строительству новых объектов, возведению пристроек, реконструкции и ремонту зданий)","41.20.40.900","Работы строительные по возведению нежилых зданий и сооружений прочие, не включенные в другие группировки",null,1,"УСЛ ЕД",329854.1,329854.1]
["10723833","Вода питьевая Святой источник негазированная 0.5 л","ВОДА ПРИРОДНАЯ.Вода питьевая Святой источник негазированная 0.5 л","36.00.11.000","Вода питьевая",null,344,"шт",46.9,16133.6]
["10723807","Поставка стульев офисных","ОФИСНАЯ МЕБЕЛЬ.Стул офисный Easy Chair","31.01.11.150","Мебель для сидения, преимущественно с металлическим каркасом",null,4,"шт",3442,13768]
["10723755","Поставка расходных материалов для оргтехники","Картридж для электрографических печатающих устройств","26.20.40.120","Элементы замены типовые устройств ввода и вывода",null,4,"шт",13770,55080]
["10723755","Поставка расходных материалов для оргтехники","Картридж для электрографических печатающих устройств","26.20.40.120","Элементы замены типовые устройств ввода и вывода",null,4,"шт",9400,37600]
["10723755","Поставка расходных материалов для оргтехники","Картридж для электрографических печатающих устройств","26.20.40.120","Элементы замены типовые устройств ввода и вывода",null,4,"шт",14630,58520]
["10723755","Поставка расходных материалов для оргтехники","Картридж для электрографических печатающих устройств","26.20.40.120","Элементы замены типовые устройств ввода и вывода",null,4,"шт",13800,55200]
["10723755","Поставка расходных материалов для оргтехники","Картридж для электрографических печатающих устройств","26.20.40.120","Элементы замены типовые устройств ввода и вывода",null,4,"шт",15100,60400]
["10723755","Поставка расходных материалов для оргтехники","Картридж для электрографических печатающих устройств","26.20.40.120","Элементы замены типовые устройств ввода и вывода",null,4,"шт",13770,55080]
["10723755","Поставка расходных материалов для оргтехники","Картридж для электрографических печатающих устройств","26.20.40.120","Элементы замены типовые устройств ввода и вывода",null,4,"шт",12560,50240]
["10723755","Поставка расходных материалов для оргтехники","Картридж для электрографических печатающих устройств","26.20.40.120","Элементы замены типовые устройств ввода и вывода",null,4,"шт",15010,60040]
["10723755","Поставка расходных материалов для оргтехники","Картридж для электрографических печатающих устройств","26.20.40.120","Элементы замены типовые устройств ввода и вывода",null,4,"шт",21320,85280]
["10723755","Поставка расходных материалов для оргтехники","Картридж для электрографических печатающих устройств","26.20.40.120","Элементы замены типовые устройств ввода и вывода",null,4,"шт",15500,62000]
["10723692","Закупка и поставка водонагревателя","Водонагреватель электрический Ресанта ВН-100В","27.51.25.110","Водонагреватели проточные и накопительные электрические",null,1,"шт",26490,26490]
["10723691","Оказание  услуг по поставке хореографического покрытия.","Линолеум","22.23.15.000","Линолеум и твердые неполимерные материалы для покрытия пола, т.е. упругие напольные покрытия, такие как виниловое покрытие, линолеум и аналогичные изделия",null,125,"м[2*]",3409.2,426150]
["10723690","Поставка напольной тумбы под МФУ","Мебель для офисов и предприятий торговли","31.01.11.140","Тумбы офисные металлические",null,1,"шт",35890,35890]
["10723663","Поставка печатей для нужд ФКУ «ГБ МСЭ по Московской области» Минтруда России","ШТАМПЫ И ДАТЕРЫ.Печати","32.99.16.120","Штемпели для датирования, запечатывания или нумерации и аналогичные изделия",null,1,"шт",1450,1450]
["10723663","Поставка печатей для нужд ФКУ «ГБ МСЭ по Московской области» Минтруда России","ШТАМПЫ И ДАТЕРЫ.Печати","32.99.16.120","Штемпели для датирования, запечатывания или нумерации и аналогичные изделия",null,47,"шт",890,41830]